[Event "Have to start some time..."]
[Site "SchemingMind.com"]
[Date "2006.05.20"]
[Round "-"]
[White "Dr_Pat"]
[Black "thinkfirst29"]
[Result "0-1"]
[WhiteCountry "USA"]
[BlackCountry "USA"]
[WhiteElo "1409"]
[WhiteRD "54"]
[BlackElo "1577"]
[BlackRD "71"]
[GameID "51520"]

1. d4 d5 2. c4 dxc4 3. e4 Nc6 4. Nf3 Bg4 5. Bxc4 Bxf3 6. Qxf3 e6 7. Nc3 Nxd4 8. Qg3 Nc2+ 9. Kf1 Nxa1 10. Nb5 Qd1#
0-1

[Event "Have to start some time..."]
[Site "SchemingMind.com"]
[Date "2006.05.19"]
[Round "-"]
[White "knightrider"]
[Black "thinkfirst29"]
[Result "0-1"]
[WhiteCountry "USA"]
[BlackCountry "USA"]
[WhiteElo "1374"]
[WhiteRD "61"]
[BlackElo "1603"]
[BlackRD "70"]
[GameID "51521"]

1. e4 c5 2. Nf3 Nc6 3. d4 cxd4 4. Nxd4 Nf6 5. Nc3 e6 6. a3 Bc5 7. Nf3 O-O 8. Be3 Bxe3 9. fxe3 Qb6 10. Qd3 Qxb2
11. Ra2 Qb6 12. Be2 Qc7 13. O-O Ne5 14. Nb5 Qc6 15. Nxe5 Qxe4 16. Qxe4 Nxe4 17. Bd3 Nf6 18. Nd6 a6 19. c4 b6 20. Raf2 Ra7
21. a4 Rc7 22. Nxc8 Rfxc8 23. c5 Rxc5 24. Nc4 R8c6 25. Nd2 Ra5 26. Rf4 e5 27. R4f2 Rxa4 28. Nf3 e4 29. Nd4 Rxd4 30. exd4 exd3
31. d5 Rc5 32. Re1 Rxd5 33. Rd2 a5 34. Rc1 g6 35. Rcd1 Kf8 36. Rxd3 Rb5 37. Rd6 Ke7 38. R6d3 a4 39. Re1+ Kd8 40. Rf1 Ng4
41. Rd4 Ne3 42. Rf3 Rb1+
0-1

[Event "Have to start some time..."]
[Site "SchemingMind.com"]
[Date "2006.05.19"]
[Round "-"]
[White "Mitchell-in"]
[Black "thinkfirst29"]
[Result "0-1"]
[WhiteCountry "ENG"]
[BlackCountry "USA"]
[WhiteElo "1639"]
[WhiteRD "63"]
[BlackElo "1627"]
[BlackRD "70"]
[GameID "51522"]

1. e4 c6 2. d4 d5 3. exd5 cxd5 4. c4 Nf6 5. Nf3 Nc6 6. Nc3 Bg4 7. Be2 e6 8. Qb3 Bb4 9. Be3 a5 10. a3 dxc4
11. Qxc4 Bxc3+ 12. Qxc3 Nd5 13. Qd2 O-O 14. O-O f5 15. h3 Bh5 16. Ne5 Nxe3 17. Qxe3 Bxe2 18. Nxc6 bxc6 19. Qxe6+ Kh8 20. Qxe2 Re8
21. Qd3 Rb8 22. b3 Qd5 23. Rab1 c5 24. Rfd1 Red8 25. Qc4 cxd4 26. Qxd5 Rxd5 27. b4 a4 28. Rd3 g5 29. Rbd1 Rbd8 30. Kf1 Kg7
31. Ke2 h5 32. f3 Kf6 33. g4 h4 34. Kf2 Ke5 35. Re1+ Kf4 36. Re6 Rc8 37. Re2 Rc3 38. Rxc3 dxc3 39. Rc2 fxg4 40. fxg4 Rd3
41. b5 Rxh3 42. b6 Rh2+ 43. Kg1 Rxc2 44. b7 Rb2
0-1